[Event "ICS Rated standard match"]
[Site "204.178.125.65"]
[Date "2000.07.18"]
[Round "?"]
[White "Mungo"]
[Black "Hossa"]
[Result "1-0"]
[WhiteElo "2542"]
[BlackElo "2327"]
[PlyCount "181"]
[EventDate "2000.??.??"]

1. d4 Nf6 2. c4 e6 3. Nf3 b6 4. g3 Bb7 5. Bg2 Bb4+ 6. Bd2 Bxd2+ 7. Qxd2 O-O 8.
Nc3 Ne4 9. Qd3 d5 10. cxd5 exd5 11. O-O Re8 12. Qc2 c5 13. dxc5 Nxc3 14. Qxc3
bxc5 15. Qxc5 Rxe2 16. Rab1 Qb6 17. Rfc1 Qxc5 18. Rxc5 Na6 19. Rb5 Re7 20. Nd4
Rd8 21. Rd1 g6 22. f4 Rc7 23. a3 Kg7 24. b4 Nb8 25. Kf2 Rcd7 26. Rc1 Ba6 27.
Ra5 Bc4 28. f5 Re7 29. Rc5 h5 30. Rc3 g5 31. h3 g4 32. hxg4 hxg4 33. Re3 Red7
34. b5 Rh8 35. a4 Kf6 36. a5 Kg7 37. Re1 a6 38. b6 Rdd8 39. Rc7 Kf6 40. Ree7
Rdf8 41. Rb7 Rh7 42. Ra7 Rh2 43. Kg1 Rh7 44. Rac7 Rhh8 45. Rb7 Rh5 46. Rec7
Rhh8 47. Kf2 Rh5 48. Ra7 Ke5 49. Ke3 Rh2 50. Re7+ Kf6 51. Kf2 Rh6 52. Rec7 Rh5
53. Rab7 Rg5 54. Re7 Rh5 55. Kg1 Rh6 56. Re1 Rhh8 57. Kf2 Rd8 58. Ree7 Rdf8 59.
Rbc7 Rh2 60. Re1 Bd3 61. Kg1 Rh7 62. Bxd5 Rd8 63. Rc5 Kg5 64. Re3 Nd7 65. Rc7
Bb1 66. Re1 Bd3 67. Nc6 Nxb6 68. axb6 Rxd5 69. b7 Rb5 70. b8=Q Rxb8 71. Nxb8
Rh8 72. Re3 Bb5 73. Nc6 Kf6 74. Ne5 Rf8 75. Nd7+ Bxd7 76. Rxd7 Rb8 77. Ra3 Rb6
78. Kf2 Kg7 79. Ke3 Rb5 80. Kf4 Rb6 81. Ra7 a5 82. R3xa5 Rb3 83. R5a6 Rc3 84.
Rg6+ Kf8 85. Rf6 Rc4+ 86. Kg5 Ke8 87. Rh6 f6+ 88. Kg6 Rc7 89. Rxc7 Kd8 90. Rhh7
Ke8 91. Rc8# {Hossa checkmated} 1-0

[Event "ICS rated standard match"]
[Site "204.178.125.65"]
[Date "2000.07.18"]
[Round "?"]
[White "Hossa"]
[Black "Halo"]
[Result "1-0"]
[WhiteElo "2320"]
[BlackElo "2205"]
[PlyCount "30"]
[EventDate "2000.??.??"]

1. d4 d5 2. c4 dxc4 3. Nf3 a6 4. e3 e6 5. Bxc4 c5 6. O-O Nf6 7. dxc5 Qxd1 8.
Rxd1 Bxc5 9. Be2 Nc6 10. b3 b6 11. Bb2 Bb7 12. Nc3 b5 13. Rac1 Bb6 14. Nxb5
axb5 15. Bxb5 O-O {Halo resigns} 1-0

[Event "ICS rated standard match"]
[Site "204.178.125.65"]
[Date "2000.07.18"]
[Round "?"]
[White "ET2000"]
[Black "Hossa"]
[Result "1-0"]
[WhiteElo "2747"]
[BlackElo "2331"]
[PlyCount "149"]
[EventDate "2000.??.??"]

1. e4 c5 2. Nf3 g6 3. d4 cxd4 4. Nxd4 Nc6 5. c4 Bg7 6. Be3 d6 7. Nc3 Nf6 8. Be2
O-O 9. f4 Qd7 10. O-O Ng4 11. Bxg4 Qxg4 12. Nd5 Qd7 13. f5 Qd8 14. Qd2 Ne5 15.
b3 Nc6 16. Rad1 Nxd4 17. Bxd4 f6 18. Qd3 Bd7 19. Qg3 gxf5 20. exf5 Rf7 21. a4
b6 22. Rde1 Kh8 23. Re4 Bc6 24. Rfe1 Bxd5 25. cxd5 Rc8 26. Qd3 Qc7 27. Re6 Bf8
28. Qf3 Kg8 29. Be3 Qb7 30. Qe4 Rc3 31. b4 Qc7 32. Bd2 Rc2 33. Qd3 Qc4 34. Qxc4
Rxc4 35. R6e4 Rc2 36. R1e2 Ra2 37. b5 Ra3 38. Be3 Rd3 39. Rd2 Rc3 40. Kf2 h5
41. Ra2 Rd3 42. Rd4 Rxd4 43. Bxd4 Rg7 44. Ke3 h4 45. Kf4 Rg5 46. g4 hxg3 47.
hxg3 Bh6 48. a5 Rh5+ 49. Ke4 Rh1 50. Bxb6 Re1+ 51. Kf3 Rd1 52. Bxa7 Rxd5 53. g4
Rxb5 54. a6 Rb3+ 55. Ke2 Rc3 56. Bf2 Rc8 57. a7 Kg7 58. a8=Q Rxa8 59. Rxa8 Kf7
60. Ra7 Bf4 61. Bb6 Ke8 62. Kd3 Bg3 63. Ke4 Bh2 64. Kd5 Kf8 65. Ke6 Bf4 66. Bd8
Kg8 67. Bxe7 Bg5 68. Ra8+ Kg7 69. Bf8+ Kh7 70. Kf7 Bh6 71. Bxh6 Kxh6 72. Kxf6
Kh7 73. g5 d5 74. g6+ Kh6 75. Rh8# {Hossa checkmated} 1-0

[Event "ICS rated bullet match"]
[Site "204.178.125.65"]
[Date "2000.07.19"]
[Round "?"]
[White "JSBach"]
[Black "Hossa"]
[Result "0-1"]
[WhiteElo "2025"]
[BlackElo "2492"]
[PlyCount "36"]
[EventDate "2000.??.??"]

1. d4 Nf6 2. Nf3 e6 3. Nc3 Bb4 4. Qd3 O-O 5. a3 Bxc3+ 6. Qxc3 Ne4 7. Qb3 d5 8.
Bf4 c5 9. Qa4 cxd4 10. Bxb8 Rxb8 11. Qxa7 Qc7 12. Nxd4 Bd7 13. e3 Ra8 14. Nxe6
Qxc2 15. Qd4 Qxf2+ 16. Kd1 Ba4+ 17. b3 Bxb3+ 18. Kc1 Qc2# {JSBach checkmated}
0-1

[Event "ICS rated blitz match"]
[Site "204.178.125.65"]
[Date "2000.07.19"]
[Round "?"]
[White "Hossa"]
[Black "PostModernist"]
[Result "0-1"]
[WhiteElo "2480"]
[BlackElo "2631"]
[PlyCount "134"]
[EventDate "2000.??.??"]

1. d4 Nf6 2. c4 g6 3. Nc3 d5 4. cxd5 Nxd5 5. Bd2 Nb6 6. Nf3 Bg7 7. Bf4 O-O 8.
e4 Bg4 9. Be3 c6 10. h3 Be6 11. Bf4 f5 12. Ng5 Qd7 13. Nxe6 Qxe6 14. e5 Rd8 15.
Be2 c5 16. Nb5 Qc6 17. O-O a6 18. Na3 Rxd4 19. Qc1 Nd5 20. Bh2 Nd7 21. Nc2 Ra4
22. b3 Ra5 23. Qe1 b6 24. Bc4 e6 25. f4 Nc7 26. Rd1 Bf8 27. a4 Be7 28. Bg3 Nf8
29. h4 Rb8 30. Qc3 Rd8 31. Rxd8 Bxd8 32. Qd3 Nd5 33. Bxa6 Be7 34. Be1 Nb4 35.
Nxb4 cxb4 36. Bb5 Qc7 37. Qe2 Qd8 38. Kh1 Bxh4 39. g3 Be7 40. Qc4 Ra7 41. Bxb4
Rc7 42. Bxe7 Qa8+ 43. Kh2 Rxc4 44. Bxc4 Qe8 45. Bf6 Qd7 46. Kh3 Kf7 47. Re1 Qd2
48. Re2 Qd1 49. Bb5 Nd7 50. Bd8 Nxe5 51. Bxb6 Ng4 52. Kg2 Qd5+ 53. Kg1 Qxb3 54.
Bf2 Qf3 55. Be1 h5 56. Rc2 Qe3+ 57. Kf1 h4 58. Rc7+ Kg8 59. Rc3 Nh2+ 60. Kg2
Qxe1 61. Rd3 Ng4 62. Rd8+ Kg7 63. Rd7+ Kf6 64. Rf7+ Kxf7 65. Be8+ Kxe8 66. gxh4
Qf2+ 67. Kh1 Qh2# {Hossa checkmated} 0-1

[Event "ICS rated blitz match"]
[Site "204.178.125.65"]
[Date "2000.07.19"]
[Round "?"]
[White "Hossa"]
[Black "Tinker"]
[Result "0-1"]
[WhiteElo "2469"]
[BlackElo "2593"]
[PlyCount "168"]
[EventDate "2000.??.??"]

1. d4 d5 2. c4 dxc4 3. Nf3 b5 4. a4 c5 5. e4 Bb7 6. d5 Nf6 7. Nbd2 a6 8. Be2
Nbd7 9. O-O h6 10. axb5 axb5 11. Rxa8 Qxa8 12. Qc2 Qa6 13. Qc3 e6 14. dxe6 Qxe6
15. e5 Ng4 16. Re1 Be7 17. Qa5 Bc6 18. h3 Ngxe5 19. Nxe5 Qxe5 20. Nxc4 Qb8 21.
Qa6 Bxg2 22. Nd6+ Bxd6 23. Bxb5+ Kd8 24. Kxg2 Re8 25. Qc6 Qc7 26. Qxc7+ Bxc7
27. Rd1 Re7 28. Be3 Kc8 29. Rd5 f6 30. b3 Be5 31. f4 Bc3 32. Bxc5 Nxc5 33.
Rxc5+ Rc7 34. Bc6 Bb4 35. Rc4 Bd6 36. Kf3 g6 37. h4 Kd8 38. Ke4 f5+ 39. Kf3 Be7
40. Kg3 Bd6 41. Kf3 Be7 42. h5 gxh5 43. Rd4+ Kc8 44. Rc4 Kb8 45. Ba4 h4 46. Bc6
Bd6 47. Bd5 Rg7 48. Ke3 h3 49. Rc2 Rg4 50. Kd3 Rxf4 51. Rc6 Be5 52. Rc4 Rg4 53.
Rc5 Rd4+ 54. Ke2 Bd6 55. Rb5+ Kc7 56. Bf3 Rf4 57. Rb7+ Kd8 58. Rh7 Bf8 59. Ke3
Rb4 60. Rb7 Bc5+ 61. Kd3 Re4 62. Kd2 Re3 63. Bd5 Re5 64. Bc6 h5 65. Rd7+ Kc8
66. Rd5 Rxd5+ 67. Bxd5 Kd7 68. Kc3 Kd6 69. Bf3 h4 70. b4 Bxb4+ 71. Kxb4 Ke5 72.
Kc3 Kf4 73. Bd5 Ke3 74. Kc2 f4 75. Bh1 f3 76. Kb2 f2 77. Ka3 f1=Q 78. Bb7 Qa1+
79. Kb4 Qb2+ 80. Kc4 Qxb7 81. Kc5 h2 82. Kd6 h1=Q 83. Ke5 Qhd5+ 84. Kf6 Qbf7# {
Hossa checkmated} 0-1

[Event "ICS rated blitz match"]
[Site "204.178.125.65"]
[Date "2000.07.19"]
[Round "?"]
[White "Tinker"]
[Black "Hossa"]
[Result "0-1"]
[WhiteElo "2604"]
[BlackElo "2458"]
[PlyCount "90"]
[EventDate "2000.??.??"]

1. Nf3 Nf6 2. d4 g6 3. e3 Bg7 4. Bb5 O-O 5. O-O d5 6. Nc3 b6 7. Ne5 a6 8. Bd3
c5 9. Bd2 Qc7 10. Qf3 Bb7 11. Rfe1 Nc6 12. Nxc6 Bxc6 13. Rab1 e5 14. dxe5 Qxe5
15. Qd1 Rfd8 16. Rf1 c4 17. Be2 d4 18. exd4 Rxd4 19. Bf3 Rad8 20. Bxc6 Ng4 21.
f4 Qc5 22. Kh1 Rxd2 23. Qxg4 Qxc6 24. Rbc1 Bxc3 25. bxc3 Re8 26. f5 Ree2 27.
Rg1 Rxc2 28. Rxc2 Rxc2 29. Rd1 Rxa2 30. fxg6 hxg6 31. Rd8+ Kg7 32. Qd4+ Qf6 33.
g3 Qxd4 34. Rxd4 b5 35. Rd1 Rc2 36. Ra1 Rxc3 37. Rb1 Ra3 38. g4 Ra2 39. Kg1 c3
40. Rc1 b4 41. Kf1 Rxh2 42. Kg1 Rd2 43. Kf1 c2 44. Ke1 Rh2 45. Kf1 b3 {
Tinker resigns} 0-1

[Event "ICS rated blitz match"]
[Site "204.178.125.65"]
[Date "2000.07.19"]
[Round "?"]
[White "Hossa"]
[Black "Tinker"]
[Result "1/2-1/2"]
[WhiteElo "2480"]
[BlackElo "2582"]
[PlyCount "297"]
[EventDate "2000.??.??"]

1. e4 e5 2. Nf3 c5 3. Nxe5 Qe7 4. d4 f6 5. Nf3 Qxe4+ 6. Qe2 Qxe2+ 7. Bxe2 Nc6
8. dxc5 Bxc5 9. O-O Nge7 10. Nc3 d5 11. Nb5 O-O 12. c3 Rd8 13. Nc7 Rb8 14. Re1
Bb6 15. Nb5 Ng6 16. Bd1 Bf5 17. Be3 Bxe3 18. Rxe3 Nf4 19. Bb3 Kh8 20. Rd1 Be4
21. Ne1 Rbc8 22. Na3 Re8 23. Rd2 Ne7 24. Ba4 Nc6 25. Nb5 Rcd8 26. Nc7 Re5 27.
f3 Bf5 28. Rxe5 fxe5 29. g3 Nh3+ 30. Kg2 d4 31. Bb3 Ng5 32. h4 Rc8 33. Nb5 Bh3+
34. Kh2 Bf1 35. Na3 e4 36. hxg5 e3 37. Rd1 Be2 38. Rxd4 Nxd4 39. cxd4 Rc1 40.
Nac2 Ba6 41. Kh3 e2 42. g6 hxg6 43. Bf7 Bd3 44. Nxd3 Rxc2 45. g4 Rd2 46. Ne1
Rd1 47. Kg3 Rxe1 48. Kf2 Rb1 49. Kxe2 Rxb2+ 50. Kd3 g5 51. Ke4 Re2+ 52. Kd3 Re1
53. Bd5 b6 54. Kd2 Re7 55. Kc3 Kh7 56. Kc4 Rc7+ 57. Kd3 Kg6 58. Bc4 Kf6 59. a4
Ke7 60. Bd5 Kd6 61. Bc4 Rc8 62. Ba6 Rc1 63. Bc4 Ra1 64. Bb3 Rb1 65. Bc2 Rb4 66.
Kc3 a5 67. Bb3 b5 68. axb5 Rxb5 69. Bc2 Rb8 70. Kc4 Rc8+ 71. Kd3 Rc6 72. Ba4
Rc1 73. Bb3 Ra1 74. Bc2 a4 75. Kc3 Ra2 76. Be4 a3 77. Kb3 Ra1 78. Kb4 Kd7 79.
Bd5 a2 80. Ka3 Rd1 81. Bxa2 Rxd4 82. Bb1 Kd6 83. Bc2 Ke5 84. Kb3 Kf4 85. Kc3
Rd5 86. Be4 Rd1 87. Kc4 Rg1 88. Kd5 Rxg4 89. fxg4 Kxg4 90. Kd4 Kf4 91. Kd3 g4
92. Kd4 g3 93. Bg2 g6 94. Kd3 g5 95. Ke2 Kg4 96. Ke3 Kh5 97. Kd3 Kg6 98. Ke4
Kf7 99. Kf5 Ke7 100. Ke5 g4 101. Ke4 Kd8 102. Ke3 Kc7 103. Kd3 Kb6 104. Kd4 Ka5
105. Ke3 Kb4 106. Kd2 Ka3 107. Kc3 Ka2 108. Kc2 Ka1 109. Kd1 Ka2 110. Ke1 Ka1
111. Kf1 Ka2 112. Bd5+ Ka1 113. Kg2 Kb1 114. Bc4 Kc1 115. Bd3 Kd1 116. Bf1 Ke1
117. Ba6 Kd2 118. Bb5 Ke3 119. Bd7 Kd4 120. Be6 Ke5 121. Bc4 Kd4 122. Be2 Ke5
123. Bb5 Kd4 124. Ba4 Kc3 125. Be8 Kb2 126. Bf7 Ka1 127. Bg6 Ka2 128. Bh5 Ka1
129. Bf7 Kb1 130. Bd5 Kc1 131. Bc4 Kb1 132. Bg8 Kc1 133. Bh7 Kd1 134. Be4 Ke1
135. Bd5 Kd2 136. Bc6 Ke3 137. Be8 Kd2 138. Bg6 Ke3 139. Bf5 Kd2 140. Bc8 Ke3
141. Be6 Kd4 142. Bd7 Ke5 143. Bc6 Kd4 144. Be8 Ke5 145. Bg6 Kf4 146. Bh5 Ke5
147. Bg6 Kf4 148. Bh5 Ke5 149. Bg6 1/2-1/2

[Event "ICS rated standard match"]
[Site "204.178.125.65"]
[Date "2000.07.19"]
[Round "?"]
[White "Hossa"]
[Black "no-good"]
[Result "1/2-1/2"]
[WhiteElo "2328"]
[BlackElo "1946"]
[PlyCount "71"]
[EventDate "2000.??.??"]

1. e4 e5 2. Nf3 Nc6 3. Bb5 a6 4. Bxc6 dxc6 5. O-O Bg4 6. h3 Bxf3 7. Qxf3 Qf6 8.
Qxf6 Nxf6 9. d3 Bc5 10. Nd2 O-O-O 11. g4 h6 12. Nc4 Nd7 13. Rb1 f6 14. Rd1 g5
15. b4 Ba7 16. Be3 Bxe3 17. Nxe3 h5 18. Nf5 hxg4 19. hxg4 Rh7 20. Kg2 Rdh8 21.
Kf3 Nf8 22. d4 Ng6 23. Ke3 Nf4 24. dxe5 fxe5 25. Ng3 Ng2+ 26. Kd2 Rh2 27. a4
Nf4 28. Ke3 Ng2+ 29. Kf3 Nh4+ 30. Ke2 Ng2 31. Nf5 Nf4+ 32. Ke3 R8h3+ 33. Ng3
Ng2+ 34. Kd2 Nf4 35. Ke3 Ng2+ 36. Kd2 1/2-1/2

[Event "ICS rated blitz match"]
[Site "204.178.125.65"]
[Date "2000.07.19"]
[Round "?"]
[White "Tinker"]
[Black "Hossa"]
[Result "0-1"]
[WhiteElo "2537"]
[BlackElo "2485"]
[PlyCount "72"]
[EventDate "2000.??.??"]

1. d4 d5 2. Nc3 e6 3. e4 dxe4 4. Nxe4 Qd5 5. Nc3 Bb4 6. Nf3 Nf6 7. Bd2 Bxc3 8.
Bxc3 Nc6 9. Bd3 O-O 10. Qe2 a5 11. O-O b6 12. b3 Nb4 13. Bxb4 axb4 14. Qe5 Qd7
15. Rfd1 Bb7 16. Qf4 Bxf3 17. Qxf3 Ra5 18. Qg3 Rfa8 19. Re1 c5 20. dxc5 bxc5
21. c3 bxc3 22. a4 Qd4 23. Rad1 Qb4 24. Bc2 R5a6 25. Re5 Nd5 26. Rg5 g6 27. Qf3
Qa3 28. Qe2 Rd6 29. Rb1 Rad8 30. Rg3 Nf4 31. Qe5 Qb2 32. Qxd6 Rxd6 33. Rxb2
cxb2 34. h4 Rd2 35. b4 Rxc2 36. Rb3 c4 {Tinker resigns} 0-1

[Event "ICS rated blitz match"]
[Site "204.178.125.65"]
[Date "2000.07.19"]
[Round "?"]
[White "Hossa"]
[Black "Tinker"]
[Result "0-1"]
[WhiteElo "2503"]
[BlackElo "2519"]
[PlyCount "188"]
[EventDate "2000.??.??"]

1. e4 d5 2. d4 dxe4 3. Nc3 Nf6 4. f3 exf3 5. Nxf3 e6 6. Be2 Bb4 7. O-O O-O 8.
a3 Bxc3 9. bxc3 Nbd7 10. Bg5 Qe7 11. Qc1 b6 12. Bb5 Rb8 13. Qf4 Qd6 14. Qh4 Qd5
15. a4 Bb7 16. Bd3 Qc6 17. Bd2 e5 18. Rae1 e4 19. Bb5 Qd5 20. c4 Qd6 21. Bf4
Qb4 22. Ng5 c6 23. Bxb8 Rxb8 24. Nxe4 Nxe4 25. Qxe4 cxb5 26. Qe7 Qxe7 27. Rxe7
Nf6 28. cxb5 Kf8 29. Rc7 Be4 30. c4 Rd8 31. d5 Rd7 32. Rc8+ Ke7 33. a5 bxa5 34.
Ra1 Ne8 35. Rc6 Nd6 36. Ra3 Nb7 37. Re3 f5 38. g4 g6 39. Kf1 Kf7 40. gxf5 gxf5
41. Rh3 Kg7 42. Rg3+ Kf8 43. Ke2 Kf7 44. Rh6 f4 45. Rg4 Bg6 46. Rxf4+ Kg7 47.
Rh3 Re7+ 48. Re3 Bh5+ 49. Kd2 Rd7 50. Kc3 Nd6 51. Re1 Rc7 52. Re6 Rd7 53. Kd4
Bf7 54. Ref6 a4 55. Rf1 a3 56. R6f4 Bg6 57. Kc3 Rc7 58. Kb4 a2 59. c5 Nb7 60.
c6 Nd6 61. R4f3 h6 62. Rg3 Kh7 63. Ra3 Bb1 64. Rg1 Rf7 65. Ra6 Kh8 66. Ra5 Rf4+
67. Kc5 Ne4+ 68. Kd4 Nf2+ 69. Ke3 Nh3 70. Rg3 Re4+ 71. Kd2 Nf4 72. Rxa7 Nxd5
73. Ra8+ Kh7 74. Kc1 h5 75. Ra7+ Kh6 76. Kb2 Re2+ 77. Kb3 Rxh2 78. Kc4 Nb6+ 79.
Kc5 Nc8 80. Ra6 Kh7 81. Rg1 Rc2+ 82. Kd4 Nd6 83. Rg5 h4 84. Ra7+ Kh6 85. Re5
Rc4+ 86. Ke3 Nc8 87. Ra6 h3 88. Re6+ Kg7 89. b6 h2 90. b7 Rc3+ 91. Kf2 h1=Q 92.
bxc8=Q Rf3+ 93. Ke2 Qf1+ 94. Kd2 Rd3# {Hossa checkmated} 0-1

[Event "ICS rated standard match"]
[Site "204.178.125.65"]
[Date "2000.07.19"]
[Round "?"]
[White "Hossa"]
[Black "SeeBach"]
[Result "1-0"]
[WhiteElo "2322"]
[BlackElo "2226"]
[PlyCount "75"]
[EventDate "2000.??.??"]

1. e4 c5 2. Nf3 Nc6 3. d4 cxd4 4. Nxd4 e5 5. Nb5 d6 6. a4 Be7 7. Bc4 Be6 8. Bd5
Nf6 9. O-O O-O 10. N1c3 a6 11. Na3 Rc8 12. Re1 Ne8 13. Be3 Bg5 14. Bxe6 fxe6
15. Qg4 Bxe3 16. Qxe6+ Kh8 17. Rxe3 Nd4 18. Qh3 Nf6 19. Qh4 Qd7 20. Rd3 Qg4 21.
Qxg4 Nxg4 22. f3 Nf6 23. h4 Nh5 24. Rad1 Rf4 25. Nd5 Rxh4 26. c3 Ne2+ 27. Kf2
Neg3 28. Ne3 Rf8 29. Ke1 Nxe4 30. fxe4 Rxe4 31. Nac2 Nf4 32. R3d2 Rxa4 33. Rxd6
h5 34. g3 Nh3 35. Rd8 Rxd8 36. Rxd8+ Kh7 37. Rd7 Rg4 38. Nxg4 {SeeBach resigns}
1-0

[Event "ICS rated standard match"]
[Site "204.178.125.65"]
[Date "2000.07.19"]
[Round "?"]
[White "KyFats"]
[Black "Hossa"]
[Result "1-0"]
[WhiteElo "2759"]
[BlackElo "2334"]
[PlyCount "129"]
[EventDate "2000.??.??"]

1. d4 d5 2. c4 dxc4 3. e4 e5 4. Nf3 exd4 5. Bxc4 Bb4+ 6. Nbd2 c5 7. a3 Bxd2+ 8.
Qxd2 Nc6 9. b4 Nf6 10. e5 Ng4 11. O-O O-O 12. Re1 Be6 13. Bb5 Bd5 14. Bxc6 Bxc6
15. Qf4 Qc8 16. h3 Nh6 17. bxc5 d3 18. Rd1 Qd7 19. Nd4 f6 20. Nxc6 Qxc6 21.
Qc4+ Nf7 22. exf6 Qxf6 23. Rb1 Qc6 24. Be3 Rad8 25. Rb3 d2 26. Rb2 Kh8 27.
Rbxd2 Rde8 28. Qd5 Qxd5 29. Rxd5 Ne5 30. Bd4 Nc6 31. Rd7 Nxd4 32. R1xd4 Re1+
33. Kh2 Rb1 34. Rb4 Rxb4 35. axb4 Rb8 36. Kg3 h6 37. Kf4 Kh7 38. Ke5 a6 39. f3
a5 40. bxa5 Rc8 41. Kd4 Rb8 42. Kc4 Kg6 43. c6 bxc6 44. a6 Rb6 45. a7 Ra6 46.
Kc5 h5 47. Rc7 Kg5 48. Rxg7+ Kf6 49. Rc7 Ke5 50. g3 h4 51. gxh4 Kf4 52. Rf7+
Kg3 53. h5 Ra5+ 54. Kc4 c5 55. h6 Ra6 56. h7 Ra5 57. h8=Q Ra4+ 58. Kb5 Rb4+ 59.
Kxc5 Ra4 60. a8=R Rxa8 61. Qxa8 Kf2 62. Rg7 Ke2 63. Rg2+ Kf1 64. f4 Ke1 65.
Qa1# {Hossa checkmated} 1-0

[Event "ICS rated standard match"]
[Site "204.178.125.65"]
[Date "2000.07.19"]
[Round "?"]
[White "PostModernist"]
[Black "Hossa"]
[Result "1-0"]
[WhiteElo "2423"]
[BlackElo "2331"]
[PlyCount "149"]
[EventDate "2000.??.??"]

1. d4 d5 2. Nf3 Nf6 3. e3 Bf5 4. Bd3 Bxd3 5. cxd3 e6 6. Nc3 Be7 7. O-O O-O 8.
Bd2 Na6 9. Rc1 c5 10. dxc5 Nxc5 11. Qe2 Rc8 12. d4 Nce4 13. Ne5 Nxd2 14. Qxd2
Bd6 15. Nb5 Ne4 16. Rxc8 Qxc8 17. Qe2 Bxe5 18. dxe5 a6 19. Nd4 Qc4 20. Qxc4
dxc4 21. Rc1 b5 22. Nc6 Nc5 23. Rd1 Nd3 24. Rd2 Kh8 25. f4 h5 26. h3 Rc8 27.
Nd4 g6 28. g3 Kh7 29. Kg2 Rd8 30. Kg1 Nc5 31. Rc2 Ne4 32. Kg2 Rd5 33. b4 cxb3
34. axb3 Rc5 35. Rxc5 Nxc5 36. b4 Nd3 37. Nc6 Kg8 38. Kf3 Kh7 39. Ke2 Nb2 40.
Nb8 Nc4 41. Nxa6 Kg8 42. Nc7 Na3 43. Kd3 Kf8 44. Kc3 Ke7 45. Na6 Kd8 46. Nc5
Nc4 47. Kd4 Na3 48. Ne4 Nc2+ 49. Kc5 Nxe3 50. h4 Kc7 51. Nd6 Nf1 52. Nxf7 Nxg3
53. Nh8 Kd7 54. Kxb5 Ne4 55. Kc4 Nd2+ 56. Kd3 Nb3 57. Nxg6 Nc1+ 58. Kd2 Nb3+
59. Kc3 Nc1 60. f5 Ne2+ 61. Kd3 Ng1 62. f6 Ke8 63. Ke3 Nh3 64. Nh8 Kd7 65. f7
Ke7 66. b5 Ng1 67. b6 Kd7 68. f8=Q Kc6 69. Qd6+ Kb7 70. Qc7+ Ka6 71. b7 Nf3 72.
Kxf3 Kb5 73. b8=Q+ Ka6 74. Qd6+ Ka5 75. Qbb4# {Hossa checkmated} 1-0

[Event "ICS rated blitz match"]
[Site "204.178.125.65"]
[Date "2000.07.19"]
[Round "?"]
[White "Tinker"]
[Black "Hossa"]
[Result "0-1"]
[WhiteElo "2538"]
[BlackElo "2474"]
[PlyCount "144"]
[EventDate "2000.??.??"]

1. e4 c5 2. Nf3 Nc6 3. d4 cxd4 4. Nxd4 g6 5. Nc3 Bg7 6. Be3 Nf6 7. Nxc6 bxc6 8.
Bc4 d6 9. O-O O-O 10. Qf3 Ng4 11. Bf4 Ne5 12. Bxe5 Bxe5 13. a3 a6 14. Qe3 Rb8
15. Rab1 Qb6 16. Qxb6 Rxb6 17. Na4 Rb8 18. b4 h6 19. Rbd1 g5 20. Rd3 Kh7 21.
Re1 h5 22. Rf3 e6 23. Rh3 Kg6 24. Rhe3 Rh8 25. c3 Bf4 26. Rd3 d5 27. Bb3 a5 28.
Bc2 dxe4 29. Rxe4 f5 30. Re1 Bc7 31. bxa5 e5 32. Red1 Ra8 33. Nb6 Rxa5 34. Nxc8
Rxc8 35. a4 e4 36. Rh3 g4 37. Re3 Rc5 38. Rb1 Bf4 39. Re2 Rxc3 40. g3 Be5 41.
Rb7 h4 42. Kf1 hxg3 43. hxg3 Rh8 44. Kg2 Kg5 45. Rd7 Rh3 46. Bd1 Bxg3 47. a5
Rf3 48. a6 Rh2+ 49. Kg1 Rfxf2 50. Rxf2 Rxf2 51. a7 Ra2 52. Kf1 Kf4 53. Bb3 Ra1+
54. Kg2 Bh4 55. Bc4 Ke5 56. Rh7 Be1 57. Rh1 Rxa7 58. Rxe1 f4 59. Bb3 Ra3 60.
Bd1 Ra2+ 61. Kf1 g3 62. Kg1 Ra1 63. Kg2 c5 64. Kh3 e3 65. Kg4 c4 66. Kf3 c3 67.
Re2 Rxd1 68. Kg4 Rd2 69. Re1 c2 70. Ra1 Rd1 71. Ra5+ Ke4 72. Ra4+ Kd3 {
Tinker resigns} 0-1

[Event "ICS rated standard match"]
[Site "204.178.125.65"]
[Date "2000.07.19"]
[Round "?"]
[White "Hossa"]
[Black "Beadle"]
[Result "0-1"]
[WhiteElo "2319"]
[BlackElo "2422"]
[PlyCount "120"]
[EventDate "2000.??.??"]

1. d4 Nf6 2. c4 e6 3. Nf3 b6 4. g3 Ba6 5. b3 Bb4+ 6. Bd2 Bxd2+ 7. Qxd2 Bb7 8.
Bg2 O-O 9. O-O Be4 10. Nc3 Nc6 11. Nxe4 Nxe4 12. Qb2 f5 13. Ne5 Nxe5 14. dxe5
d5 15. f3 Ng5 16. cxd5 exd5 17. Rad1 Ne6 18. e4 fxe4 19. fxe4 d4 20. Rxf8+ Qxf8
21. Qc1 Qe7 22. Qc4 Kh8 23. Rf1 Rd8 24. Rf2 d3 25. Rd2 Rd4 26. Qc6 h6 27. Rd1
Nc5 28. Bh3 Qxe5 29. Bf5 Kg8 30. Qa8+ Kf7 31. Rf1 Ke7 32. Bg6 d2 33. Qf8+ Kd7
34. Bh5 Rxe4 35. Qf7+ Kc8 36. Bf3 Re1 37. Qg8+ Kd7 38. Qf7+ Kd6 39. Qf8+ Ke6
40. Kg2 Rxf1 41. Qe8+ Kf6 42. Qxe5+ Kxe5 43. Kxf1 Kd4 44. g4 Ke3 45. Bd1 Ne4
46. a4 Nc3 47. Bc2 Kf3 48. a5 bxa5 49. g5 hxg5 50. Kg1 Ke2 51. Kg2 Nd1 52. Kg3
Ne3 53. Bg6 d1=Q 54. Bh5+ g4 55. Bxg4+ Nxg4 56. Kxg4 Ke3+ 57. Kg5 Qd6 58. h3
Kf3 59. h4 Qh6+ 60. Kf5 Qf6# {Hossa checkmated} 0-1

[Event "ICS rated blitz match"]
[Site "204.178.125.65"]
[Date "2000.07.19"]
[Round "?"]
[White "Hossa"]
[Black "Beadle"]
[Result "0-1"]
[WhiteElo "2493"]
[BlackElo "2608"]
[PlyCount "120"]
[EventDate "2000.??.??"]

1. e4 e5 2. Nc3 Nf6 3. Nf3 Nc6 4. d4 exd4 5. Nxd4 Bb4 6. Nxc6 bxc6 7. Bd3 d5 8.
e5 Ng4 9. Be2 Bxc3+ 10. bxc3 Nxe5 11. Ba3 Qg5 12. O-O Bh3 13. Bf3 O-O-O 14. Bc5
Qf5 15. Be2 Qg6 16. Bf3 Rde8 17. Bxa7 Nxf3+ 18. Qxf3 Bg4 19. Qg3 Bf5 20. Bd4 f6
21. Qf4 Re2 22. Rfe1 Rhe8 23. Rxe2 Rxe2 24. Ba7 Bxc2 25. Bc5 Bb1 26. Qc1 Be4
27. Qf1 Rc2 28. Bb4 Bd3 29. Qd1 Qf5 30. Bc5 Rxc3 31. Bb4 Rc2 32. Bd2 c5 33. a4
Qe4 34. h3 Qe2 35. Qxe2 Bxe2 36. Bf4 g5 37. Bc1 d4 38. a5 d3 39. Be3 d2 40.
Bxd2 Rxd2 41. Kh2 Ba6 42. f3 c4 43. h4 c3 44. hxg5 fxg5 45. Rc1 c2 46. Kg3 Bd3
47. Kg4 Rxg2+ 48. Kh5 Rf2 49. a6 Rf1 50. Rxc2 Bxc2 51. Kxg5 Rxf3 52. Kg4 Be4
53. a7 c5 54. Kg5 c4 55. Kg4 c3 56. Kg5 c2 57. Kh5 Ba8 58. Kh6 Rg3 59. Kh5 c1=Q
60. Kh4 Qg5# {Hossa checkmated} 0-1

[Event "ICS rated standard match"]
[Site "204.178.125.65"]
[Date "2000.07.19"]
[Round "?"]
[White "albi"]
[Black "Hossa"]
[Result "0-1"]
[WhiteElo "2036"]
[BlackElo "2308"]
[PlyCount "24"]
[EventDate "2000.??.??"]

1. e4 e5 2. Bc4 Nf6 3. Nc3 Nc6 4. d3 Bb4 5. Nge2 Na5 6. Bb3 Nxb3 7. axb3 d5 8.
exd5 Nxd5 9. O-O O-O 10. f4 Bg4 11. fxe5 Bxc3 12. bxc3 Nxc3 {albi resigns} 0-1

[Event "ICS rated standard match"]
[Site "204.178.125.65"]
[Date "2000.07.19"]
[Round "?"]
[White "Hossa"]
[Black "albi"]
[Result "1-0"]
[WhiteElo "2311"]
[BlackElo "2026"]
[PlyCount "45"]
[EventDate "2000.??.??"]

1. e4 e5 2. Nf3 Nc6 3. Bb5 Nd4 4. Nxd4 exd4 5. O-O c6 6. Bc4 Nf6 7. e5 d5 8.
Be2 Ne4 9. d3 Nc5 10. Nd2 Ne6 11. f4 g6 12. f5 Ng5 13. h4 Bxf5 14. hxg5 h6 15.
Nf3 hxg5 16. Bxg5 Be7 17. Qc1 Rh5 18. Bh6 Bc5 19. Ne1 Qh4 20. Bxh5 Qxh5 21. Qg5
Qe2 22. Rxf5 gxf5 23. Qg8+ {albi resigns} 1-0

[Event "ICS rated blitz match"]
[Site "204.178.125.65"]
[Date "2000.07.19"]
[Round "?"]
[White "Hossa"]
[Black "Tinker"]
[Result "0-1"]
[WhiteElo "2482"]
[BlackElo "2535"]
[PlyCount "106"]
[EventDate "2000.??.??"]

1. e4 d5 2. d3 dxe4 3. Nc3 exd3 4. Bxd3 e5 5. Nf3 Nc6 6. O-O Bd6 7. Ne4 Bg4 8.
Re1 Nd4 9. c3 Bxf3 10. gxf3 Ne6 11. f4 exf4 12. Bc4 Kf8 13. Qb3 Ng5 14. Nxg5
Qxg5+ 15. Kh1 Qc5 16. Qxb7 Rd8 17. b3 Qxf2 18. Rf1 Qh4 19. Qxa7 f3 20. Qf2 Qh3
21. Bg5 Ra8 22. a4 Ra5 23. Bb5 h6 24. Bd8 Ra8 25. Bh4 g5 26. Bg3 Bxg3 27. Qxg3
Qxg3 28. hxg3 g4 29. Kg1 Nf6 30. Rad1 Kg7 31. Rfe1 Rhd8 32. Bd3 h5 33. Re5 Ra6
34. Rg5+ Kh6 35. Rf5 Kg7 36. Rg5+ Kf8 37. Rf5 Rad6 38. Rc1 Rxd3 39. Rxf6 Rd1+
40. Rxd1 Rxd1+ 41. Kf2 Rd2+ 42. Ke3 Re2+ 43. Kd3 Rb2 44. Rf5 h4 45. gxh4 f2 46.
Rxf2 Rxf2 47. a5 g3 48. a6 g2 49. b4 g1=Q 50. h5 Qg4 51. b5 Qe2+ 52. Kd4 Rf4+
53. Kc5 Qc4# {Hossa checkmated} 0-1

[Event "ICS rated standard match"]
[Site "204.178.125.65"]
[Date "2000.07.19"]
[Round "?"]
[White "Mungo"]
[Black "Hossa"]
[Result "1-0"]
[WhiteElo "2560"]
[BlackElo "2314"]
[PlyCount "101"]
[EventDate "2000.??.??"]

1. d4 Nf6 2. c4 e6 3. Nc3 Bb4 4. Qc2 c5 5. dxc5 Bxc5 6. Nf3 Nc6 7. Bg5 Nd4 8.
Nxd4 Bxd4 9. e3 Qa5 10. Bh4 Bxc3+ 11. bxc3 d6 12. Rb1 b6 13. Rb5 Qa3 14. Bd3
Bd7 15. Rb4 Bc6 16. Bxf6 gxf6 17. O-O O-O-O 18. Be4 Be8 19. Bf3 f5 20. Rd1 f6
21. e4 Bc6 22. exf5 Bxf3 23. gxf3 Rhg8+ 24. Kh1 e5 25. Ra4 Qc5 26. Rxa7 Qxc4
27. Qd3 Qxd3 28. Rxd3 h5 29. Rf7 Rg5 30. Rxf6 Rdg8 31. Rd1 Kc7 32. h4 Rg2 33.
Rdxd6 Rg1+ 34. Kh2 R8g2+ 35. Kh3 Rxf2 36. Rc6+ Kd7 37. Rfd6+ Ke8 38. Rc8+ Ke7
39. Rcd8 Rxf3+ 40. Kh2 Rxf5 41. Kxg1 Rf3 42. R8d7+ Ke8 43. Rb7 Rf4 44. Rh6 Rg4+
45. Kf2 Kf8 46. Rh8+ Rg8 47. Rhh7 Rg7 48. Rhxg7 e4 49. Rgc7 e3+ 50. Ke1 b5 51.
Rc8# {Hossa checkmated} 1-0